000 00407nam a2200181Ia 4500
001 11055
005 20260306161918.0
008 260306t1981||||xx |||||||||||||| ||spa||
041 _aESP
082 _a985.001
_bV16
100 _aValcárcel, Luis E.
_eAUT
245 0 _aMemorias
260 _c1981
300 _a478 páginas :
_c24 cm.
650 _aGEN
654 _aCHU
942 _cLIB
_dJUS
_fJUS
_2ddc
_n
999 _c11055
_d11055